Riconosci il Calciatore - Quiz n°1256 - Statistics

Statistiche generali
  • Questo quiz è stato fatto 14 volte
  • Il punteggio medio è 15 su 20
Statistiche sulle risposte
Indizio Risposta % Corretto
Nazionalità Argentina
100%
Ruolo Centrocampista
100%
Data di nascita 18/08/1980
92%
Squadra di club 5 Inter 2004-2014
85%
Squadra di club 7 Olympiakos 2015-2017
85%
Squadra di club 6 Leicester City 2014-2015
77%
Squadra di club 4 Real Madrid 2002-2004
77%
Squadra di club 3 River Plate 2001-2002
77%
Altezza 177 cm
69%
Gol in nazionale 5
69%
Presenze in nazionale 52
69%
Presenze nei club 779
69%
Peso 78 kg
69%
Gol nei club 98
69%
Trofei per club Campionato argentino: 1
River Plate: Clausura 2002
Campionato spagnolo: 1
Real Madrid: 2002-2003
Supercoppa di Spagna: 1
Real Madrid: 2003
Coppa Italia: 4
Inter: 2004-2005, 2005-2006, 2009-2010, 2010-2011
Supercoppa italiana: 4
Inter: 2005, 2006, 2008, 2010
Campionato italiano: 5
Inter: 2005-2006, 2006-2007, 2007-2008, 2008-2009, 2009-2010
Campionato greco: 2
Olympiakos: 2015-2016, 2016-2017
Supercoppa UEFA: 1
Real Madrid: 2002
Coppa Intercontinentale: 1
Real Madrid: 2002
UEFA Champions League: 1
Inter: 2009-2010
Coppa del mondo per club: 1
Inter: 2010
69%
Trofei per nazionali Campionato mondiale Under-20: 1
1997
Campionato sudamericano Under-20: 2
1997, 1999
69%
Calciatore Esteban Cambiasso
69%
Squadra di club 2 Independiente 1998-2001
69%
Squadra di club 1 Real Madrid B 1996-1998
69%
Trofei individuali Squadra dell'anno European Sports Media: 1
2005-2006
Calciatore dell'anno del Leicester City: 1
2014-2015
Inserito nella Hall of Fame dell'Inter nella categoria Centrocampisti
2020
69%
Nessun quiz corrispondente trovato
Distribuzione punteggi
Percentuale di utenti per punteggio
Percentile per numero di risposta
I tuoi punteggi nel tempo
Non hai fatto questo quiz